Regionální elity 2004 /

Další autoři: Kostelecký, Tomáš, 1965-, Vobecká, Jana, 1980-
Jazyk: Čeština
Vydáno: Praha : Sociologický ústav Akademie věd České republiky, c2005
Vydání: 1. vyd.
Edice: Sociologické studie = Sociological studies ; 05:03
Témata:
Fyzický popis: 152 s. : il., formuláře ; 25 cm
Language note: Anglická a německá resumé
Knihy
Uloženo v:
LEADER 01748nam a2200493 a 4500
001 nkc20051629489
003 CZ PrNK
005 20080723112623.0
007 ta
008 051102s2005 xr ak f 000 0 cze
015 |a cnb001629489 
020 |a 80-7330-074-5  |q (brož.) 
035 |a (OCoLC)83978377 
040 |a BOA001  |b cze  |d ABA001 
041 0 |a cze  |b eng  |b ger 
043 |a e-xr--- 
072 7 |a 316.3  |x Globální společnosti. Sociální struktura. Sociální skupiny  |2 Konspekt  |9 18 
080 |a 316.344.42  |2 MRF 
080 |a 316.334.52  |2 MRF 
080 |a (437.3)  |2 MRF 
080 |a (048.8)  |2 MRF 
245 0 0 |a Regionální elity 2004 /  |c Tomáš Kostelecký, Jana Vobecká (eds.) 
250 |a 1. vyd. 
260 |a Praha :  |b Sociologický ústav Akademie věd České republiky,  |c c2005 
300 |a 152 s. :  |b il., formuláře ;  |c 25 cm 
490 1 |a Sociologické studie =  |a Sociological studies ;  |v 05:03 
500 |a 180 výt. 
504 |a Obsahuje bibliografii 
546 |a Anglická a německá resumé 
650 0 7 |a elity  |7 ph114463  |z Česko  |2 czenas 
650 0 7 |a regionální výzkum  |7 ph138156  |z Česko  |2 czenas 
650 0 9 |a elites  |z Czechia  |2 eczenas 
650 0 9 |a regional research  |z Czechia  |2 eczenas 
653 0 |a regionální elity 
655 7 |a studie  |7 fd133597  |2 czenas 
655 9 |a studies  |2 eczenas 
700 1 |a Kostelecký, Tomáš,  |d 1965-  |7 mzk2002169141  |4 edt 
700 1 |a Vobecká, Jana,  |d 1980-  |7 mzk2006323084  |4 edt 
810 2 |a Sociologický ústav (Akademie věd ČR).  |t Sociologické studie  |0 s 
910 2 |a BOA001  |b 2-1164.326 
990 |a BK 
995 |a 01 
991 |b 200603  |c NOV 
996 6 |b 2610274075  |c 2-1164.326  |l MZK  |r Sklad / do 1 hodiny  |n 8  |p p.v.  |w 000809546  |u 000010  |a 1  |e BOA001  |j MZK50  |s P